000 01213nam a22002057a 4500
003 IT-MiCISF
005 20210503154105.0
008 210503b ||||| |||| 00| 0 eng d
040 _cIT-MiCISF
041 _ait
100 _aScarsi Paola
_958891
245 _aOltre il Covid. 365 idee per superare la crisi
260 _aGenova
_bErga Edizioni
_c2020
300 _app. 137
500 _asocietà, malattia, esperienze, lavoro
520 _aQuesto libro racconta il genio e la creatività italici, la capacità innata di far fronte alle difficoltà e di superarle in maniera semplice, singolare, innovativa. Intuizione? Fortuna? Impegno? Ultima chance? Passione? Abilità? Rischio? Momento giusto? Un pizzico di ciascun ingrediente ha permesso a tante imprese grandi e piccole di fronteggiare la crisi da coronavirus. Questo primo catalogo di soluzioni impresa è un antistress, un sostegno, un impulso e un personalissimo work in progress che inizia dagli spazi lasciati bianchi nel libro - per appuntare le proprie idee - e prosegue in rete nel blog dedicato. Perché anche il lettore, come loro, può innovare e riuscire.
650 _asocietà
_956109
654 _adivulgazione
942 _2ddc
_cBK
999 _c359241
_d359241